La palabra de Cristo (Record no. 171137)

MARC details
000 -LEADER
campo de control de longitud fija 00809nam a2200193 i 4500
001 - NÚMERO DE CONTROL
campo de control 171137
003 - IDENTIFICADOR DE NÚMERO DE CONTROL
campo de control ES-MaACL
005 - FECHA Y HORA DE LA ÚLTIMA TRANSACCIÓN
campo de control 20250808062750.0
008 - DATOS DE LONGITUD FIJA--INFORMACIÓN GENERAL
campo de control de longitud fija 090430s1957 sp |||| | spa d
245 03 - MENCIÓN DEL TÍTULO
Título La palabra de Cristo
Resto del título : Verbum Vitae : Repertorio orgánico de textos para el estudio de la homilías dominicales y festivas.
Número de parte o sección de la obra T. IX /
Mención de responsabilidad, etc. elaborado por una comisión de autores bajo la dirección de Mons. Ángel Herrera Oria.
260 ## - PUBLICACIÓN, DISTRIBUCIÓN, ETC.
Lugar de publicación, distribución, etc. Madrid :
Nombre del editor, distribuidor, etc. La Editorial Católica,
Fecha de publicación, distribución, etc. 1957.
300 ## - DESCRIPCIÓN FÍSICA
Extensión XXIII, 1025 p. ;
Dimensiones 20 cm.
490 1# - MENCIÓN DE SERIE
Mención de serie Biblioteca de autores cristianos ;
Designación de volumen o secuencia 167
505 8# - NOTA DE CONTENIDO CON FORMATO
Nota de contenido con formato Contiene : Fiestas (1º)
700 1# - ENTRADA AGREGADA--NOMBRE PERSONAL
Nombre de persona Herrera Oria, Ángel,
Fechas asociadas al nombre 1886-1968
9 (RLIN) 63232
830 00 - PUNTO DE ACCESO ADICIONAL DE SERIE-TÍTULO UNIFORME
Título uniforme Biblioteca de autores cristianos
Designación de volumen o secuencia 167
9 (RLIN) 178679
852 ## - LOCALIZACIÓN
Ubicación ES-MaACL
Número de control de estantería J-165
itemnumber R.46092
Holdings
Estatus retirado Estado de pérdida Estado de daño No para préstamo Biblioteca de origen Biblioteca actual Ubicación en estantería Fecha de adquisición Fuente de adquisición Total de préstamos Signatura topográfica completa Código de barras Visto por última vez Precio de reemplazo Tipo de ítem Koha
        Biblioteca del Ateneo de Madrid Biblioteca del Ateneo de Madrid Depósito 2 30/04/2009     J-165 1179601 23/02/2023 23/02/2023 Libro impreso